Manual de orientaciones para la interpretación de resultados

Guardat en:
Dades bibliogràfiques
Autor corporatiu: SIMCE (Autor)
Format: Llibre
Idioma:espanyol
Publicat: Santiago Ministerio de Educación 1994
Matèries:
Etiquetes: Afegir etiqueta
Sense etiquetes, Sigues el primer a etiquetar aquest registre!

MARC

LEADER 00000nam a2200000 a 4500
001 UCZ4085
003 CL-VaPUC
008 951106e19940000CL |||||||||||||||||spa|d
082 0 4 |a 372  |b SIM  |2 21 
110 2 |a SIMCE  |e author  |9 348000 
245 1 0 |a Manual de orientaciones para la interpretación de resultados 
300 |a 139 p 
942 |c BK 
945 |d 19951106 00:00:00  |a rleighto 
260 |a Santiago  |b Ministerio de Educación  |c 1994 
650 0 |a Educación básica   |9 224933 
650 0 |a Estadísticas educacionales  |9 331921 
583 |a last modification  |c 19951106 00:00:00  |k Rodrigo Vera 
999 |c 240512  |d 240510 
952 |0 0  |1 0  |4 0  |6 372_000000000000000_SIM_1994  |7 0  |8 P  |9 252436  |a BIBEDU  |b BIBEDU  |c BIBEDU_PB  |d 2019-11-18  |i 3141365  |o 372 SIM 1994  |p 3141365  |r 2024-01-25  |w 2019-11-18  |y BK  |k EDU